000 00951nam a22002657a 4500
001 BR8702330
003 BR-BrBNA
005 20230928092453.0
007 ta
008 230509b bl.||||| |||| 00| 0 por d
040 _aBR-BrBNA
_bpor
_cBiblioteca Nacional de Agricultura
041 _a(Por)
072 _aN20; P06
_b/G514
090 _ N20 BR8702330
110 1 _aAssociacao de Credito e Assistencia Rural de Santa Catarina, Florianopolis (Brasil);
110 1 _aEmpresa de Assistencia Tecnica e Extensao Rural do Estado de Santa Catarina, Florianopolis (Brasil)
_94031
245 1 _aRelatorio do levantamento sobre biodigestores em funcionamento em Santa Catarina [Brasil]
260 3 _aFlorianopolis, SC (Brasil):
_c1982.
300 _a10 p.
500 _a(*) Documento disponível no(a) CEAGRI, Florianopolis, SC (Brazil)
650 _aBIODIGESTOR
650 _aSANTA CATARINA
909 _a202309
_bLucia
_c55
_dLucia Elande
942 _cBK
999 _c39254
_d39254